We Both Reached For The Gun (Chicago) - Richard Gere - All Lyrics - Statistics

General Stats
  • This quiz has been taken 128 times
  • The average score is 461 of 551
Answer Stats
Answer % Correct
Oh,
100%
oh,
100%
A
99%
a
99%
the
99%
The
99%
Yeah
97%
yeah
97%
both
95%
both,
95%
Both
95%
I
95%
gun
93%
gun,
93%
you
93%
you?
93%
they
92%
They
92%
for
91%
reached
91%
Where
91%
we
89%
We
89%
he
88%
He
88%
yes,
88%
yes
88%
Yes,
88%
are
86%
Are
86%
how
86%
How
86%
When?
85%
When
85%
hear
84%
me
84%
me...
84%
to
84%
and
82%
And
82%
And?
82%
from?
82%
From
82%
from
82%
it
82%
Not
82%
now?
81%
Now
81%
she
81%
She
81%
your
81%
was
80%
Was
80%
come
78%
who
78%
his
77%
it's
77%
Then
77%
were
77%
what
77%
What?
77%
what?
77%
But
76%
Did
76%
my
76%
My
76%
so
76%
get
74%
move
74%
Very
74%
here?
73%
Mississippi
73%
one
73%
parents?
73%
under
73%
feet
72%
him?
72%
him
72%
never
72%
Six
72%
Where'd
72%
Don't
70%
had
70%
away
69%
more
69%
of
69%
old
69%
remember
69%
that
69%
can't
68%
Like
68%
men
68%
said,
68%
Amos
66%
came
66%
Came
66%
girl
66%
mouth
66%
moves
66%
Notice
66%
shoot
66%
wealthy
66%
1920
65%
Billy
65%
boyfriend
65%
happened?
65%
kidding?
65%
met
65%
Understandable,
65%
understandable
65%
Almost
64%
day
64%
Fred
64%
"Fred,
64%
Heart
64%
heart
64%
sorry?
64%
That's
64%
With
64%
angry?
62%
Comprehensible,
62%
comprehensible
62%
defensible
62%
ex
62%
granted
62%
knew
62%
tiger
62%
When'd
62%
bit
61%
doing
61%
fight
61%
I'd
61%
liquor
61%
none
61%
pistol?
61%
poor
61%
Roxie,
61%
start
61%
Stay
61%
strength
61%
us,
61%
who's
61%
wrong
61%
along"
59%
been
59%
elope
59%
Flynn
59%
frightened
59%
Mr.
59%
perfectly
59%
Sacred
59%
stole
59%
toward
59%
give
58%
Jazz
58%
leaving
58%
madman
58%
marriage
58%
reprehensible,
58%
you've
58%
bureau
57%
Convinced
57%
feeling?
57%
little
57%
Play
57%
press
57%
say
57%
tell
57%
though
57%
yet
57%
back
55%
believe
55%
Casely?
55%
Convent
55%
convent
55%
Let
55%
life
55%
thought
55%
through
55%
upon
55%
Why'd
55%
conference
54%
fun
54%
louder
54%
runaway
54%
What's
54%
All
53%
is
53%
bring
51%
dear,
50%
got
50%
Still
49%
How're
47%
statement?
47%
choo-choo
46%
rag
46%
describe
45%
track
45%
jumped
41%
No matching quizzes found
Score Distribution
Percent of People with Each Score
Percentile by Number Answered
Your Score History
You have not taken this quiz